000 00383nam a2200169Ia 4500
001 8038
003 GE_BSU
008 181216s||||||||xx |||||||||||||| ||und||
040 _cGE_BSU
245 _aParis Match, du 24 AU 30octobre.№3362. 2013.
245 _cdir.red. O.Royant.
260 _aParis
260 _c2013
300 _a139p;29cm.
653 _aParis Match
942 _cCR
999 _c41377
_d41377